00489 a2200181 4500001000700000020002200007040001100029100002000040240003700060245003200097300000700129362000900136440001000145697002300155942000700178952010300185999001900288188124 a978-85-357-1455-5 cMagnum aBarros, Sônia10aO gato que comia couve-florlpor10aO gato que comia couve-flor a160 a2011 1aAtual aLITERATURA INFANTO cBK 00104070a32.5b32.5d2024-06-08l0o869.1.652pMAG00060231r2024-06-08 21:11:57w2024-06-08yBK c188124d188124